| 000 | 00387nam a2200157Ia 4500 | ||
|---|---|---|---|
| 999 |
_c10352 _d10352 |
||
| 003 | OSt | ||
| 008 | 220308s9999 xx 000 0 und d | ||
| 020 | _a9781780670263 | ||
| 082 |
_a740 _bMAR |
||
| 100 | _a Mary Guzowski | ||
| 245 | 0 | _aTowards Zero Energy | |
| 260 | _bLaurence King Publishing; Reprint edition (1 August 2012) | ||
| 365 | _cUSD | ||
| 365 | _d29.95 | ||
| 942 | _2ddc | ||